| 000 -LEADER |
| fixed length control field |
00656cam a2200217 a 4500 |
| 020 ## - INTERNATIONAL STANDARD BOOK NUMBER |
| ISBN |
1402027966 (cased) |
| 020 ## - INTERNATIONAL STANDARD BOOK NUMBER |
| ISBN |
9781402027963 (cased) |
| 020 ## - INTERNATIONAL STANDARD BOOK NUMBER |
| ISBN |
1402027974 (ebook) |
| 020 ## - INTERNATIONAL STANDARD BOOK NUMBER |
| ISBN |
9781402027970 (ebook) |
| 040 ## - CATALOGING SOURCE |
| Transcribing agency |
UKM |
| 082 04 - DEWEY DECIMAL CLASSIFICATION NUMBER |
| Classification number |
379 AUS 1986 C159 Or. |
| 245 00 - TITLE STATEMENT |
| Title |
Accreditation and evaluation in the European higher education area / |
| 300 ## - PHYSICAL DESCRIPTION |
| Number of Pages |
xii, 493 pages : |
| Other physical details |
illustrations ; |
| Dimensions |
25 cm |
| 490 1# - SERIES STATEMENT |
| Series statement |
Higher education dynamics ; |
| 650 #0 - SUBJECT ADDED ENTRY--TOPICAL TERM |
| Topical Term |
Universities and colleges |
| 650 #0 - SUBJECT ADDED ENTRY--TOPICAL TERM |
| Topical Term |
Universities and colleges |
| 650 #0 - SUBJECT ADDED ENTRY--TOPICAL TERM |
| Topical Term |
Education, Higher |
| 700 1# - ADDED ENTRY--PERSONAL NAME |
| Personal name |
Schwarz, Stefanie |
| 700 1# - ADDED ENTRY--PERSONAL NAME |
| Personal name |
Westerheijden, Don F |
| 942 ## - ADDED ENTRY ELEMENTS (KOHA) |
| Koha item type |
ADB |
| 952 ## - LOCATION AND ITEM INFORMATION (KOHA) |
| Withdrawn status [LOCAL, KOHA] |
0 |